Universidades de la Ivy League - Estadísticas

Estadísticas generales
  • Esta prueba ha sido intentada 4 veces
  • La puntuación promedio es 5 de 8
Estadísticas de respuestas
Universidades % Correcto
Harvard
100%
Brown
75%
Yale
75%
Columbia
50%
Cornell
50%
Princeton
50%
Dartmouth
25%
Pennsylvania
25%
No se encontraron pruebas coincidentes
Distribución de puntuación
Porcentaje de gente con cada puntuación
Porcentaje por número respondido
Historial de tus puntuaciones
No has intentado esta prueba.